000 00705nam a2200205Ia 4500
003 GCL
008 140319s9999 xx 000 0 ara d
040 _aGCL /
_cGCL
082 0 4 _a347.05
_bع د
100 1 _aعبدالحميد الشواربى
_vPurified
_@
…هذب
245 1 0 _aالدفوع الجنائية /
_cعبدالحميد الشواربى
260 _a[S.N] :
_bمنشاة المعارف الاسلامية
300 _a1287 ص
490 _aالكتب القانونية
_v0
650 0 4 _aالقانون الجنائى
650 0 4 _aالدفاع المدنى
650 0 4 _aالمحاكم الجنائية
650 0 4 _aالمحاكم الابتدائية
942 _2ddc
_cBK
999 _c37549
_d37549